| 000 | 01054nam a22002175i 4500 | ||
|---|---|---|---|
| 001 | 157097 | ||
| 003 | ES-MaACL | ||
| 005 | 20250824074923.0 | ||
| 008 | 991025s1862 sp |||| | spa d | ||
| 040 |
_aCCPB | B _bspa _cCCPB | B |
||
| 100 | 1 |
_aLarra y Wetoret, Luis Mariano de, _d1830-1901 _970289 |
|
| 245 | 1 | 1 |
_a¡Dios sobre todo! _b: comedia en tres actos y en verso / _coriginal de Luis Mariano de Larra. |
| 260 |
_aMadrid : _b[Alonso Gullón], _c1862 ( _fImprenta de José Rodríguez) |
||
| 300 |
_a88, [2] p. ; _c21 cm. |
||
| 490 | 1 | _aEl teatro : colección de obras dramáticas y líricas | |
| 500 | _aEn port.: Representada por primera vez en el teatro de Variedades el 29 de Marzo de 1862. | ||
| 596 | _aEd. consta en dedicatoria. | ||
| 830 | 0 | 3 |
_aEl teatro: colección de obras dramática y líricas _9221753 |
| 852 |
_aES-MaACL _jF-8612(5) _z-- Enc. pasta española _q-- Falto de la cub. original _z-- Enc. en un vol. facticio formando parte de la col. facticia "Teatro español moderno", vol. 67 |
||
| 999 |
_c157097 _d157097 |
||